El Quijote y la crítica contemporanea

Shranjeno v:
Bibliografske podrobnosti
Glavni avtor: Montero Reguera, José (autor)
Format: Knjiga
Jezik:španščina
Izdano: Madrid Centro de Estudios Cervantinos 1997
Serija:Biblioteca de Estudioa Cervantinos
Teme:
Oznake: Označite
Brez oznak, prvi označite!

MARC

LEADER 00000nam a2200000 a 4500
001 UCQ1700
003 CL-VaPUC
008 980721e19970000SP |||||||||||||||||spa|d
082 0 4 |a 863.09  |b MON  |2 21 
100 |a Montero Reguera, José  |e autor  |9 415431 
245 1 3 |a El Quijote y la crítica contemporanea 
300 |a 286 p 
942 |c BK 
945 |d 19980721 00:00:00  |a mvenant 
260 |a Madrid  |b Centro de Estudios Cervantinos  |c 1997 
600 0 |a Cervantes y Saavedra, Miguel de  |9 267947 
650 0 |a Literatura española  |9 306261 
650 7 |a NOVELA ESPAÑOLA  |2 CL-VaPUC  |9 313139 
650 0 |a Crítica literaria   |9 269189 
650 0 |a Crítica e interpretación   |9 255042 
583 |a last modification  |c 19980721 00:00:00  |k Rodrigo Vera 
490 0 |a Biblioteca de Estudioa Cervantinos 
999 |c 272545  |d 272543 
952 |0 0  |1 0  |4 0  |6 863_090000000000000_MON_1997  |7 0  |8 A  |9 307643  |a FDOPOS  |b FDOPOS  |d 2019-11-20  |i 3444651  |o 863.09 MON 1997  |p 3444651  |r 2025-01-22  |w 2019-11-20  |y BK  |k MLH